[Event "HUN-chT1 Charousek 2324"]
[Site "Hungary"]
[Date "2024.05.12"]
[Round "11.8"]
[White "Molnar, Gabor"]
[Black "Makk, Robert"]
[Result "1-0"]
[WhiteElo "1967"]
[BlackElo "2155"]
[PlyCount "67"]
[EventDate "2023.10.08"]
[EventType "team-tourn"]
[EventRounds "11"]
[EventCountry "HUN"]
[SourceTitle "EXT 2025"]
[Source "ChessBase"]
[SourceDate "2024.10.14"]
[SourceVersion "1"]
[SourceVersionDate "2024.10.14"]
[SourceQuality "1"]
[WhiteTeam "Gyor Szechenyi"]
[BlackTeam "SZASTE"]
[WhiteTeamCountry "HUN"]
[BlackTeamCountry "HUN"]

1. d4 d5 2. Nf3 Nf6 3. g3 c6 4. Bg2 e6 5. 0-0 Bd6 6. c4 dxc4 7. Qc2 Nbd7 8. Qxc4 0-0 9. Nc3 Qe7 10. Nh4 Rd8 11. e4 Nb6 12. Qe2 e5 13. dxe5 Bxe5 14. h3 Be6 15. Nf5 Qc7 16. Ne3 Nfd7 17. f4 Bxc3 18. bxc3 f6 19. Ba3 Na4 20. Nf5 Nxc3 21. Ne7+ Kh8 22. Qh5 Nf8 23. e5 Nb5 24. exf6 Nxa3 25. Qg5 Ng6 26. f5 Qe5 27. Nxg6+ hxg6 28. fxg7+ Kg8 29. Rae1 Qd4+ 30. Kh2 Bxf5 31. Re7 Rd7 32. Rfe1 Qd6 33. Qh4 Rxe7 34. Rxe7 1-0

[Event "HUN-chT1 Charousek 2223"]
[Site "Hungary"]
[Date "2023.03.26"]
[Round "8.9"]
[White "Kiss, Balazs"]
[Black "Makk, Robert"]
[Result "1-0"]
[WhiteElo "1990"]
[BlackElo "2175"]
[PlyCount "143"]
[EventDate "2022.11.20"]
[EventType "team-tourn"]
[EventRounds "9"]
[EventCountry "HUN"]
[SourceTitle "EXT 2025"]
[Source "ChessBase"]
[SourceDate "2024.10.14"]
[SourceVersion "1"]
[SourceVersionDate "2024.10.14"]
[SourceQuality "1"]
[WhiteTeam "Gyori Elektromos"]
[BlackTeam "Szentgotthard Alsoszolnok"]
[WhiteTeamCountry "HUN"]
[BlackTeamCountry "HUN"]

1. c4 c5 2. g3 g6 3. Nc3 Bg7 4. Bg2 Nf6 5. d3 Nc6 6. e4 d6 7. Nge2 0-0 8. 0-0 Rb8 9. Rb1 a6 10. Nd5 Nd7 11. f4 b5 12. b3 Nd4 13. Bd2 e6 14. Ne3 Bb7 15. Nxd4 cxd4 16. Ng4 Qb6 17. h4 f5 18. Nf2 b4 19. h5 a5 20. g4 Nc5 21. exf5 exf5 22. g5 Rfe8 23. h6 Bf8 24. Re1 Kf7 25. Qc2 Bxg2 26. Kxg2 Qc6+ 27. Kg3 d5 28. Rxe8 Rxe8 29. Re1 Rxe1 30. Bxe1 Qe6 31. Qd1 Qe3+ 32. Kg2 Qxf4 33. Bd2 Qe5 34. Qf3 Bd6 35. cxd5 Qh2+ 36. Kf1 Qg3 37. Qe2 Be5 38. Bc1 Ke7 39. Qc2 Kd6 40. Qc4 Qf3 41. Qb5 Qxd5 42. Qxa5 Qb7 43. Qd8+ Nd7 44. Bd2 Kc6 45. Qg8 Bd6 46. Qxh7 Nf8 47. Qg8 Bc5 48. Qg7 Qe7 49. Bf4 Kd5 50. Kg2 Ke6 51. Kf3 Kd5 52. Qxe7 Bxe7 53. Nh3 Ke6 54. Bd2 Kf7 55. Ke2 Nh7 56. Bf4 Ke6 57. Kd2 Kf7 58. Kc2 Ke6 59. Bd2 Kf7 60. a3 bxa3 61. b4 a2 62. Kb2 f4 63. Bxf4 Bxb4 64. Kxa2 Ke6 65. Kb3 Bc3 66. Kc4 Kf5 67. Bc1 Be1 68. Kxd4 Kg4 69. Nf4 Kf5 70. Nd5 Bf2+ 71. Kc4 Ke6 72. Nf6 1-0

[Event "HUN-chT1 Charousek 2223"]
[Site "Hungary"]
[Date "2023.02.12"]
[Round "5.8"]
[White "Makk, Robert"]
[Black "Benedek, Istvan1"]
[Result "1-0"]
[WhiteElo "2168"]
[BlackElo "2083"]
[PlyCount "131"]
[EventDate "2022.11.20"]
[EventType "team-tourn"]
[EventRounds "9"]
[EventCountry "HUN"]
[SourceTitle "EXT 2025"]
[Source "ChessBase"]
[SourceDate "2024.10.14"]
[SourceVersion "1"]
[SourceVersionDate "2024.10.14"]
[SourceQuality "1"]
[WhiteTeam "Szentgotthard Alsoszolnok"]
[BlackTeam "Komlo Banyasz"]
[WhiteTeamCountry "HUN"]
[BlackTeamCountry "HUN"]

1. e4 c5 2. Nf3 g6 3. d4 cxd4 4. Nxd4 Nc6 5. c4 Nf6 6. Nc3 d6 7. Be2 Nxd4 8. Qxd4 Bg7 9. Be3 0-0 10. Qd1 Qa5 11. 0-0 Be6 12. Rc1 Rfc8 13. b3 a6 14. Bd4 b5 15. cxb5 axb5 16. Qd3 Nd7 17. Bxg7 Kxg7 18. Qxb5 Qa3 19. Qd3 Ne5 20. Qe3 Nc6 21. f4 Nb4 22. f5 Bd7 23. fxg6 hxg6 24. Bc4 f6 25. Nd5 Nxa2 26. Ra1 Be6 27. Qf2 Bxd5 28. Bxd5 Ra5 29. b4 Qxb4 30. Rxa2 Rxa2 31. Qxa2 Qd4+ 32. Qf2 Qa4 33. Qa2 Qd4+ 34. Kh1 Qd3 35. Qf2 Rc2 36. Qf3 Qd2 37. h3 Rc3 38. Qf2 Qh6 39. Be6 Ra3 40. Rb1 Qg5 41. Bg4 Qe5 42. Bf3 Qf4 43. Kg1 Kf7 44. Qb2 Qe3+ 45. Kh1 Kg7 46. Qb7 Ra7 47. Qb6 Qa3 48. Bg4 Qd3 49. Rd1 Qa3 50. Be6 Qa4 51. Bb3 Qa3 52. Bd5 Qa4 53. Rb1 Kh6 54. Rf1 Qa3 55. Kh2 Kg5 56. Rf3 Qc5 57. Qxc5 dxc5 58. Rc3 Rc7 59. Kg3 f5 60. e5 e6 61. Bxe6 Re7 62. h4+ Kh6 63. Bd5 Rxe5 64. Rxc5 Re7 65. Bf3 Re6 66. Rc6 1-0

[Event "HUN-chT1 Charousek 2223"]
[Site "Hungary"]
[Date "2022.12.18"]
[Round "3.8"]
[White "Makk, Robert"]
[Black "Juhasz, Judit"]
[Result "1/2-1/2"]
[WhiteElo "2180"]
[BlackElo "1910"]
[PlyCount "86"]
[EventDate "2022.11.20"]
[EventType "team-tourn"]
[EventRounds "9"]
[EventCountry "HUN"]
[SourceTitle "EXT 2025"]
[Source "ChessBase"]
[SourceDate "2024.10.14"]
[SourceVersion "1"]
[SourceVersionDate "2024.10.14"]
[SourceQuality "1"]
[WhiteTeam "Szentgotthard Alsoszolnok"]
[BlackTeam "Tapolca VSE"]
[WhiteTeamCountry "HUN"]
[BlackTeamCountry "HUN"]

1. e4 c5 2. Nf3 Nc6 3. d4 cxd4 4. Nxd4 Qb6 5. Nb3 Nf6 6. Bd3 e6 7. 0-0 Ne5 8. c4 Qd6 9. Bf4 Qxd3 10. Bxe5 Qxd1 11. Rxd1 Nxe4 12. N1d2 Nxd2 13. Rxd2 Bb4 14. Rd3 f6 15. Bc7 b6 16. Rad1 Kf7 17. Nd2 d5 18. cxd5 exd5 19. Rxd5 Be6 20. Rd4 Bc5 21. Rd3 Rac8 22. Bf4 g5 23. Bd6 Rhd8 24. Ne4 Bf5 25. Bxc5 Rxd3 26. Rxd3 Bxe4 27. Rd7+ Ke8 28. Re7+ Kd8 29. Rxe4 Rxc5 30. f4 Kd7 31. fxg5 fxg5 32. Kf2 Kd6 33. Re2 Rc4 34. Ke3 Kd5 35. Rd2+ Ke5 36. h3 h5 37. Rf2 Re4+ 38. Kd3 Rd4+ 39. Kc3 Rf4 40. Re2+ Kd5 41. Rd2+ Kc5 42. a3 Rc4+ 43. Kb3 Re4 1/2-1/2

[Event "HUN-chT1 Charousek 2122"]
[Site "Hungary"]
[Date "2022.04.10"]
[Round "11.8"]
[White "Makk, Robert"]
[Black "Bartha, Sandor"]
[Result "1/2-1/2"]
[WhiteElo "2181"]
[BlackElo "2025"]
[PlyCount "28"]
[EventDate "2021.10.10"]
[EventType "team-tourn"]
[EventRounds "11"]
[EventCountry "HUN"]
[SourceTitle "EXT 2025"]
[Source "ChessBase"]
[SourceDate "2024.10.14"]
[SourceVersion "1"]
[SourceVersionDate "2024.10.14"]
[SourceQuality "1"]
[WhiteTeam "Szentgotthard Alsoszolnok"]
[BlackTeam "Balatonfuered"]
[WhiteTeamCountry "HUN"]
[BlackTeamCountry "HUN"]

1. e4 c5 2. Nf3 d6 3. d4 cxd4 4. Nxd4 Nf6 5. Nc3 a6 6. Bc4 e6 7. Bb3 Be7 8. Qf3 0-0 9. 0-0 Qc7 10. Qg3 Kh8 11. a4 Nc6 12. Be3 Bd7 13. Nxc6 Bxc6 14. f3 b5 1/2-1/2

[Event "HUN-chT1 Charousek 2122"]
[Site "Hungary"]
[Date "2021.11.07"]
[Round "3.8"]
[White "Farkas, Zsolt"]
[Black "Makk, Robert"]
[Result "1-0"]
[WhiteElo "2159"]
[BlackElo "2217"]
[PlyCount "97"]
[EventDate "2021.10.10"]
[EventType "team-tourn"]
[EventRounds "11"]
[EventCountry "HUN"]
[SourceTitle "EXT 2025"]
[Source "ChessBase"]
[SourceDate "2024.10.14"]
[SourceVersion "1"]
[SourceVersionDate "2024.10.14"]
[SourceQuality "1"]
[WhiteTeam "Csuti Hydro"]
[BlackTeam "Szentgotthard Alsoszolnok"]
[WhiteTeamCountry "HUN"]
[BlackTeamCountry "HUN"]

1. e4 c5 2. Nf3 d6 3. d4 cxd4 4. Nxd4 Nf6 5. Nc3 g6 6. f4 Nc6 7. Nxc6 bxc6 8. e5 dxe5 9. Qxd8+ Kxd8 10. fxe5 Nd5 11. Bd2 Bg7 12. 0-0-0 Bxe5 13. Nxd5 cxd5 14. Ba5+ Ke8 15. Rxd5 Bd6 16. Bb5+ Bd7 17. Rxd6 Bxb5 18. Re1 Kf8 19. Rd8+ Rxd8 20. Bxd8 Kg7 21. Bxe7 Re8 22. b3 f5 23. g3 Kf7 24. Re5 a6 25. Bd6 Rxe5 26. Bxe5 g5 27. Kd2 Ke6 28. Bc7 Bf1 29. c4 Kd7 30. Bb8 h5 31. Kc3 h4 32. gxh4 gxh4 33. Kd4 Kc6 34. b4 Be2 35. Bf4 Bd1 36. a3 h3 37. Bd2 Bc2 38. Kc3 Bd1 39. Be3 Ba4 40. b5+ Kb7 41. Kb4 Bd1 42. a4 Be2 43. c5 Bf3 44. c6+ Ka8 45. Kc5 f4 46. Bxf4 axb5 47. axb5 Be4 48. Be3 Bd3 49. b6 1-0

[Event "HUN-chT2 Charousek 1819"]
[Site "Hungary"]
[Date "2019.03.10"]
[Round "9.5"]
[White "Pasztor, Ferenc1"]
[Black "Makk, Robert"]
[Result "1-0"]
[WhiteElo "2245"]
[BlackElo "2252"]
[PlyCount "85"]
[EventDate "2018.09.23"]
[EventType "team-tourn"]
[EventRounds "11"]
[EventCountry "HUN"]
[SourceTitle "EXT 2021"]
[Source "ChessBase"]
[SourceDate "2020.10.23"]
[SourceVersion "1"]
[SourceVersionDate "2020.10.23"]
[SourceQuality "1"]
[WhiteTeam "Tapolca Varosi"]
[BlackTeam "Szentgotthard Alsoszolnok"]
[WhiteTeamCountry "HUN"]
[BlackTeamCountry "HUN"]

1. c4 c5 2. Nc3 Nf6 3. g3 g6 4. Bg2 Bg7 5. e3 0-0 6. Nge2 d6 7. 0-0 Nbd7 8. b3 Rb8 9. Bb2 a6 10. a4 b6 11. d4 Bb7 12. d5 Ne8 13. Ra2 Bc8 14. h3 Nc7 15. f4 b5 16. Qd3 bxc4 17. bxc4 Ne8 18. a5 Rb4 19. Nd1 Qc7 20. Bxg7 Nxg7 21. g4 f5 22. g5 Bb7 23. Ndc3 Rb8 24. Ng3 Bc8 25. h4 Rb2 26. Rf2 Rxa2 27. Rxa2 Qb7 28. h5 Qb3 29. h6 Ne8 30. Nf1 Nf8 31. e4 e5 32. Rf2 exf4 33. Rxf4 Nd7 34. exf5 Ne5 35. Qe3 Bxf5 36. Nd2 Qa3 37. Bh3 Bxh3 38. Qxh3 Nc7 39. Rf1 Qxa5 40. Nde4 Qb6 41. Nf6+ Kh8 42. Nd7 Qb7 43. Nxe5 1-0

[Event "HUN-chT2 Charousek 1819"]
[Site "Hungary"]
[Date "2018.11.18"]
[Round "4.5"]
[White "Makk, Robert"]
[Black "Ivan, Attila"]
[Result "1/2-1/2"]
[WhiteElo "2252"]
[BlackElo "2290"]
[PlyCount "36"]
[EventDate "2018.09.23"]
[EventType "team-tourn"]
[EventRounds "11"]
[EventCountry "HUN"]
[SourceTitle "CBM 189 Extra"]
[Source "ChessBase"]
[SourceDate "2019.05.31"]
[SourceVersion "1"]
[SourceVersionDate "2019.05.31"]
[SourceQuality "1"]
[WhiteTeam "Szentgotthard Alsoszolnok"]
[BlackTeam "Komlo Banyasz"]
[WhiteTeamCountry "HUN"]
[BlackTeamCountry "HUN"]

1. e4 e5 2. Nf3 Nc6 3. Bb5 a6 4. Ba4 Nf6 5. d4 exd4 6. 0-0 Be7 7. Re1 0-0 8. e5 Ne8 9. c3 b5 10. Bc2 d5 11. Nxd4 Nxd4 12. cxd4 Be6 13. Nc3 Qd7 14. Ne2 g6 15. Bh6 Ng7 16. Nf4 Rfc8 17. Bxg7 Kxg7 18. Nxe6+ fxe6 1/2-1/2

[Event "HUN-chT2 Charousek 1718"]
[Site "Hungary"]
[Date "2017.12.17"]
[Round "4.9"]
[White "Toth, Gergely1"]
[Black "Makk, Robert"]
[Result "0-1"]
[WhiteElo "2137"]
[BlackElo "2231"]
[PlyCount "144"]
[EventDate "2017.10.29"]
[EventType "team-tourn"]
[EventRounds "9"]
[EventCountry "HUN"]
[SourceTitle "EXT 2020"]
[Source "ChessBase"]
[SourceDate "2019.10.17"]
[SourceVersion "1"]
[SourceVersionDate "2019.10.17"]
[SourceQuality "1"]
[WhiteTeam "Paks ASE II"]
[BlackTeam "Szentgotthard Alsoszolnok"]
[WhiteTeamCountry "HUN"]
[BlackTeamCountry "HUN"]

1. e4 c5 2. Nf3 d6 3. d4 cxd4 4. Qxd4 Nc6 5. Bb5 Bd7 6. Bxc6 Bxc6 7. Nc3 Nf6 8. Bg5 e6 9. 0-0-0 Be7 10. Kb1 Qc7 11. h4 a6 12. h5 h6 13. Bh4 b5 14. Bxf6 gxf6 15. Rh3 a5 16. a4 bxa4 17. Nxa4 Rb8 18. Nc3 Rb4 19. Qe3 Qb7 20. b3 Bxe4 21. Nxe4 Rxe4 22. Qc3 Rg8 23. Qxa5 Rxg2 24. Nd4 f5 25. Rc3 Re5 26. Qa4+ Kf8 27. Nc6 Re4 28. Qa3 Rxf2 29. Nxe7 Qxe7 30. Rc8+ Kg7 31. Qa8 Rh2 32. Rg8+ Kf6 33. Rg3 Qc7 34. Qh8+ Ke7 35. Rc3 Qd8 36. Qxh6 Rg4 37. Rc6 d5 38. Qe3 Rxh5 39. Qc5+ Kf6 40. Rxd5 Rh1+ 41. Kb2 Qa8 42. Qc3+ Kg6 43. Ra5 Qh8 44. Rc7 Qxc3+ 45. Kxc3 Rh3+ 46. Kb2 Re4 47. Raa7 Rh7 48. Ra4 Rxa4 49. bxa4 f4 50. Rc3 e5 51. Ra3 e4 52. Kc1 f3 53. Kd2 Rh2+ 54. Ke1 Rxc2 55. a5 Rc7 56. a6 Ra7 57. Ra5 f5 58. Kf2 Kf6 59. Ke3 Kg5 60. Ra1 Kg4 61. Rg1+ Kh3 62. Ra1 Kg2 63. Ra2+ Kg3 64. Ra5 f4+ 65. Kxe4 f2 66. Rg5+ Kh2 67. Rh5+ Kg1 68. Rg5+ Kf1 69. Ra5 Kg2 70. Rg5+ Kh3 71. Rh5+ Kg4 72. Rh1 Rxa6 0-1

[Event "HUN-chT2 Charousek 1415"]
[Site "Hungary"]
[Date "2015.03.01"]
[Round "7"]
[White "Makk, Robert"]
[Black "Szabo, Richard"]
[Result "0-1"]
[WhiteElo "2221"]
[BlackElo "2189"]
[PlyCount "110"]
[EventDate "2014.10.12"]
[EventType "team-tourn"]
[EventRounds "9"]
[EventCountry "HUN"]
[SourceTitle "EXT 2016"]
[Source "ChessBase"]
[SourceDate "2015.10.08"]
[SourceVersion "1"]
[SourceVersionDate "2015.10.08"]
[SourceQuality "1"]
[WhiteTeam "SZASTE"]
[BlackTeam "Decs"]
[WhiteTeamCountry "HUN"]
[BlackTeamCountry "HUN"]

1. e4 d5 2. exd5 Qxd5 3. Nf3 Nf6 4. d4 Bg4 5. Be2 c6 6. c4 Qa5+ 7. Nbd2 e6 8. 0-0 Bd6 9. Ne5 Bxe2 10. Qxe2 0-0 11. Ndf3 Nbd7 12. Bd2 Qc7 13. Bc3 c5 14. Nxd7 Nxd7 15. h3 Rac8 16. b3 a6 17. Rfd1 Rfd8 18. Ng5 Nf8 19. dxc5 Qxc5 20. Ne4 Qc6 21. Qg4 Ng6 22. Nxd6 Rxd6 23. h4 Rcd8 24. h5 f5 25. Rxd6 Qxd6 26. Qg5 Qe7 27. Qg3 Nf8 28. h6 g5 29. Re1 Ng6 30. Ba5 Rd7 31. Qc3 e5 32. Qc2 Qe6 33. Bd2 f4 34. Bc3 Kf7 35. Qe4 Kf6 36. g3 Qf5 37. Kg2 Qxe4+ 38. Rxe4 Kf5 39. Re1 Rd3 40. Ba5 e4 41. gxf4 gxf4 42. Rh1 Kg4 43. Kf1 Rd1+ 44. Be1 f3 45. Rg1+ Kf5 46. Rg3 Nf4 47. Rg7 Nd3 48. Kg1 Rxe1+ 49. Kh2 Nxf2 50. Rxh7 Ng4+ 51. Kg3 Rg1+ 52. Kh4 Rh1+ 53. Kg3 Rxh6 54. Rxb7 f2 55. Rf7+ Rf6 0-1

[Event "HUN-chT2 Charousek 1314"]
[Site "Hungary"]
[Date "2013.11.03"]
[Round "4"]
[White "Makk, Robert"]
[Black "Orosz, Andras1"]
[Result "1-0"]
[WhiteElo "2223"]
[BlackElo "2166"]
[PlyCount "173"]
[EventDate "2013.09.08"]
[EventType "team-tourn"]
[EventRounds "11"]
[EventCountry "HUN"]
[SourceTitle "EXT 2016"]
[Source "ChessBase"]
[SourceDate "2015.10.08"]
[SourceVersion "1"]
[SourceVersionDate "2015.10.08"]
[SourceQuality "1"]
[WhiteTeam "Alsoszolnok"]
[BlackTeam "Gyor Elektromos"]
[WhiteTeamCountry "HUN"]
[BlackTeamCountry "HUN"]

1. e4 c5 2. Nf3 d6 3. d4 cxd4 4. Nxd4 Nf6 5. f3 Nc6 6. c4 Qb6 7. Nxc6 bxc6 8. Nc3 g6 9. Na4 Qc7 10. Be3 Bg7 11. Rc1 0-0 12. Qd2 Rd8 13. Bd3 Rb8 14. 0-0 Be6 15. b3 Nd7 16. f4 Nf6 17. h3 Bd7 18. c5 d5 19. e5 Ne8 20. Bd4 Bf5 21. g4 Bxd3 22. Qxd3 e6 23. Qd2 Qe7 24. Nc3 Nc7 25. Ne2 Rb7 26. Rf3 Re8 27. Bf2 Qd7 28. Kg2 Bf8 29. Bd4 Bg7 30. Re1 Nb5 31. Bb2 Bf8 32. Qc2 Qe7 33. Rc1 Bg7 34. b4 a6 35. a4 Nc7 36. Nd4 Qd7 37. Bc3 Rbb8 38. Re1 a5 39. b5 cxb5 40. Bxa5 bxa4 41. Ra3 Rec8 42. c6 Qe7 43. Bxc7 Rxc7 44. Rxa4 Bf8 45. Rc1 Kh8 46. Qd3 Rb2+ 47. Kg3 Qe8 48. Ra6 Qb8 49. Rca1 Rc8 50. Rc1 Qb4 51. Qc3 Qxc3+ 52. Rxc3 Bb4 53. Rb3 Be1+ 54. Kf3 Rf2+ 55. Ke3 Rh2 56. Nf3 Rxh3 57. Rb7 d4+ 58. Ke2 d3+ 59. Kxe1 Rxf3 60. c7 Kg7 61. Rc6 Rxf4 62. Rb8 Rxc7 63. Rxc7 Rxg4 64. Kd2 Re4 65. Rbb7 Rf4 66. Kxd3 g5 67. Re7 Kf8 68. Red7 Kg7 69. Re7 Kf8 70. Rec7 Kg7 71. Rc6 Kg8 72. Rc8+ Kg7 73. Re8 Kh6 74. Rg8 Rf5 75. Rb1 Rf3+ 76. Ke2 Rh3 77. Rf1 Rh4 78. Ke3 Rh3+ 79. Rf3 Rh1 80. Kf2 Kh5 81. Rxf7 Kg4 82. Rfg7 h6 83. Rg6 Rh2+ 84. Kg1 Re2 85. Rxh6 Rxe5 86. Rgg6 Kf5 87. Rf6+ 1-0

[Event "HUN-chT 1213"]
[Site "Hungary"]
[Date "2013.02.17"]
[Round "7"]
[White "Galyas, Miklos"]
[Black "Makk, Robert"]
[Result "1-0"]
[WhiteElo "2429"]
[BlackElo "2234"]
[PlyCount "99"]
[EventDate "2012.09.16"]
[EventType "team-tourn"]
[EventRounds "9"]
[EventCountry "HUN"]
[SourceTitle "EXT 2014"]
[Source "ChessBase"]
[SourceDate "2013.11.20"]
[SourceVersion "1"]
[SourceVersionDate "2013.11.20"]
[SourceQuality "1"]
[WhiteTeam "Aquaprofit"]
[BlackTeam "HVSE Infraplan"]
[WhiteTeamCountry "HUN"]
[BlackTeamCountry "HUN"]

1. d4 d5 2. c4 c6 3. Nc3 Nf6 4. e3 e6 5. Nf3 Nbd7 6. Ne5 Nxe5 7. dxe5 Nd7 8. f4 Be7 9. cxd5 exd5 10. Bd3 0-0 11. 0-0 Nc5 12. f5 Nxd3 13. Qxd3 Re8 14. e4 dxe4 15. Qxe4 Bd6 16. Bf4 Qb6+ 17. Kh1 Qxb2 18. Qd3 Bb4 19. Ne4 Qa3 20. Qc2 Qa5 21. Rad1 Bf8 22. Ng5 Rxe5 23. Bxe5 Qxe5 24. Rde1 Qf6 25. Ne4 Qh4 26. Rd1 Rb8 27. g3 Qh3 28. Qf2 b6 29. Rd8 Qxf5 30. Qxf5 Bxf5 31. Rxb8 Bxe4+ 32. Kg1 g6 33. Re1 f5 34. Kf2 a5 35. Rxe4 fxe4 36. Ke3 Kg7 37. Rb7+ Kh6 38. Kxe4 Bc5 39. Rc7 a4 40. Kf3 a3 41. h4 Bd4 42. g4 g5 43. Ke4 Bf2 44. Kf5 Bxh4 45. Rxc6+ Kg7 46. Rxb6 Bf2 47. Rb7+ Kg8 48. Kxg5 Bd4 49. Kh6 Be3+ 50. g5 1-0

[Event "HUN-chT2 Charousek 1213"]
[Site "Hungary"]
[Date "2012.12.02"]
[Round "5"]
[White "Makk, Robert"]
[Black "Darazs, Zoltan"]
[Result "1/2-1/2"]
[WhiteElo "2234"]
[BlackElo "2137"]
[PlyCount "77"]
[EventDate "2012.09.16"]
[EventType "team-tourn"]
[EventRounds "11"]
[EventCountry "HUN"]
[SourceTitle "EXT 2014"]
[Source "ChessBase"]
[SourceDate "2013.11.20"]
[SourceVersion "1"]
[SourceVersionDate "2013.11.20"]
[SourceQuality "1"]
[WhiteTeam "Haladas II"]
[BlackTeam "Kobanya Aquarena"]
[WhiteTeamCountry "HUN"]
[BlackTeamCountry "HUN"]

1. e4 e5 2. Nf3 Nc6 3. Bb5 a6 4. Ba4 Nf6 5. d4 exd4 6. 0-0 Be7 7. Re1 b5 8. Bb3 d6 9. Bd5 Nxd5 10. exd5 Ne5 11. Nxd4 Bg4 12. Qd2 0-0 13. a4 Bd7 14. Nc3 bxa4 15. Nxa4 Bf6 16. b3 Rb8 17. Bb2 Re8 18. Bc3 Ng6 19. Nf3 Rxe1+ 20. Qxe1 c5 21. Nd2 Bf5 22. Ne4 Bxe4 23. Qxe4 Bxc3 24. Nxc3 Qf6 25. Qe3 Nf4 26. Re1 h6 27. g3 Ng6 28. f4 Qf5 29. Qe4 Qg4 30. Qd3 Nxf4 31. Qe4 Nh3+ 32. Kg2 Qd7 33. Qe7 Nf4+ 34. gxf4 Qg4+ 35. Kf2 Qxf4+ 36. Ke2 Qg4+ 37. Kf2 Qf4+ 38. Ke2 Qg4+ 39. Kf2 1/2-1/2

[Event "HUN-chT U18"]
[Site "Budapest"]
[Date "2012.10.28"]
[Round "3.1"]
[White "Makk, Robert"]
[Black "Gledura, Benjamin"]
[Result "0-1"]
[WhiteElo "2234"]
[BlackElo "2336"]
[PlyCount "143"]
[EventDate "2012.10.28"]
[EventType "team-swiss"]
[EventRounds "8"]
[EventCountry "HUN"]
[SourceTitle "EXT 2020"]
[Source "ChessBase"]
[SourceDate "2019.10.17"]
[SourceVersion "1"]
[SourceVersionDate "2019.10.17"]
[SourceQuality "1"]

1. e4 c5 2. Nf3 Nc6 3. d4 cxd4 4. Nxd4 Qc7 5. Nb5 Qb8 6. c4 Nf6 7. N5c3 e6 8. g3 b6 9. Bg2 Bb7 10. 0-0 Be7 11. Bf4 d6 12. Nd2 Ne5 13. Qe2 h6 14. h3 0-0 15. Rac1 a6 16. b4 Qc7 17. c5 dxc5 18. Nc4 Nfd7 19. Rfd1 f6 20. bxc5 b5 21. Nxe5 Nxe5 22. a4 b4 23. Nd5 exd5 24. exd5 Bxc5 25. Be3 Nd7 26. d6 Qb6 27. Bxb7 Qxb7 28. Bxc5 Kh8 29. Be3 Rac8 30. Bf4 Rxc1 31. Rxc1 b3 32. Qb2 Qb4 33. Rc7 Qxa4 34. Be3 Qb5 35. Kh2 Ne5 36. d7 Nxd7 37. Qb1 Qd5 38. Qg6 h5 39. Bh6 Qf7 40. Qd3 Rd8 41. Bc1 Qe6 42. Qg6 Qe5 43. Bf4 Qe2 44. Kg2 b2 45. Rb7 a5 46. g4 Re8 47. Qxh5+ Kg8 48. Qd5+ Qe6 49. Qxe6+ Rxe6 50. Rxb2 a4 51. Rb7 Nc5 52. Rc7 Nd3 53. Be3 Ra6 54. Rc3 Nb4 55. Bc5 Nd5 56. Ra3 Rc6 57. Be3 Rc4 58. Kf3 Kf7 59. Ke2 Ke6 60. Kd3 Nxe3 61. Kxe3 Rb4 62. Ra1 g5 63. Kf3 Kd5 64. Kg3 Rb3+ 65. Kg2 a3 66. Rd1+ Kc5 67. Rd8 Kc4 68. Ra8 Kc3 69. Kf3 Rb2 70. Ke4 a2 71. Rxa2 Rxa2 72. f4 0-1

[Event "Oberwart op-A 34th"]
[Site "Oberwart"]
[Date "2012.07.10"]
[Round "4"]
[White "Rogulj, Branko"]
[Black "Makk, Robert"]
[Result "1-0"]
[WhiteElo "2397"]
[BlackElo "2238"]
[PlyCount "69"]
[EventDate "2012.07.07"]
[EventType "swiss"]
[EventRounds "9"]
[EventCountry "AUT"]
[SourceTitle "CBM 149 Extra"]
[Source "ChessBase"]
[SourceDate "2012.08.24"]
[SourceVersion "1"]
[SourceVersionDate "2012.08.24"]
[SourceQuality "1"]

1. e4 c5 2. Nc3 Nc6 3. Bb5 Nd4 4. Nf3 Nxb5 5. Nxb5 d6 6. d4 Nf6 7. Nc3 cxd4 8. Qxd4 e5 9. Qd3 h6 10. 0-0 Be7 11. Rd1 a6 12. a4 Be6 13. a5 Rc8 14. Be3 Qc7 15. Bb6 Qc6 16. h3 0-0 17. Qe3 Nd7 18. Ba7 Nc5 19. Rd2 f5 20. exf5 Rxf5 21. Rad1 Bf7 22. Bxc5 Qxc5 23. Qe4 Rf4 24. Qxb7 Rc7 25. Qxa6 Ra7 26. Qe2 Qxa5 27. Nd5 Bxd5 28. Rxd5 Qc7 29. c3 Raa4 30. Nd2 Qa7 31. g3 Rf8 32. Nf1 Ra2 33. Ne3 Rb8 34. Rb5 Bg5 35. Rxb8+ 1-0

[Event "Oberwart op-A 34th"]
[Site "Oberwart"]
[Date "2012.07.08"]
[Round "2"]
[White "Makk, Robert"]
[Black "Novkovic, Julia"]
[Result "1-0"]
[WhiteElo "2238"]
[BlackElo "2025"]
[PlyCount "123"]
[EventDate "2012.07.07"]
[EventType "swiss"]
[EventRounds "9"]
[EventCountry "AUT"]
[SourceTitle "CBM 149 Extra"]
[Source "ChessBase"]
[SourceDate "2012.08.24"]
[SourceVersion "1"]
[SourceVersionDate "2012.08.24"]
[SourceQuality "1"]

1. e4 e5 2. Nf3 Nc6 3. Bc4 Nf6 4. d3 Be7 5. c3 0-0 6. Bb3 d5 7. Qe2 dxe4 8. dxe4 Bc5 9. 0-0 Bg4 10. Bg5 h6 11. Bh4 g5 12. Bg3 Nh5 13. Nbd2 a6 14. Bd5 Nxg3 15. hxg3 Qf6 16. Nc4 Nd8 17. Ne3 Bxe3 18. Qxe3 c6 19. Bb3 Ne6 20. Nh2 Bh5 21. Bxe6 Qxe6 22. f3 Rad8 23. g4 Bg6 24. b3 Rd6 25. Rfd1 Rfd8 26. Rxd6 Qxd6 27. Nf1 f6 28. Qb6 Rd7 29. Ne3 Qe7 30. Kf2 Rd3 31. Rd1 Rxd1 32. Nxd1 Bf7 33. Ke2 Be6 34. Qe3 Kg7 35. Qd3 Qa3 36. Qd2 a5 37. Qb2 Qd6 38. Ne3 Qc5 39. Qd2 Qe7 40. Kf2 Qc7 41. c4 b6 42. a3 Qe7 43. b4 axb4 44. axb4 Kg6 45. Kg3 Kf7 46. Kh2 Kg6 47. Qd3 Kf7 48. Qa3 Qb7 49. Qa4 b5 50. cxb5 cxb5 51. Qa5 Ke8 52. Qa1 Qb6 53. Qa8+ Ke7 54. Nf5+ Bxf5 55. gxf5 h5 56. Qh8 h4 57. Qg7+ Ke8 58. Qg8+ Ke7 59. Kh3 Qd8 60. Qxd8+ Kxd8 61. Kg4 Ke7 62. Kh5 1-0